Catalog

Record Details

Catalog Search



Církev a církve : kapitoly z ekumenické eklesiologie /   Pavel Filipi Cover Image Book Book

Církev a církve : kapitoly z ekumenické eklesiologie /   Pavel Filipi

Record details

  • ISBN: 80-85959-58-5
  • Physical Description: 187 s. ; 20 cm
  • Edition: 1. vyd
  • Publisher: Praha : Centrum pro studium demokracie a kultury, 2000

Content descriptions

Bibliography, etc. Note:
Obsahuje bibliografii a rejstřík
Subject: eklesiologie
ekumenismus
církevní dějiny
protestantské učení
Church
Ecumenical movement
Church History
Protestant doctrine
Genre: studie
studies

Available copies

  • 8 of 8 copies available at Common Catalog SPOK.

Holds

  • 0 current holds with 8 total copies.
Show Only Available Copies
Location Call Number / Copy Notes Barcode Shelving Location Status Due Date
ETS Library 262 424470004252 Volný výběr Available -
ETS Library 262 424470004254 Volný výběr Available -
ETS Library 262 424470015231 Volný výběr Available -
ETS Library 262 424470018403 Volný výběr Available -
ETS Library 262 424470018404 Volný výběr Available -
ETS Library 262 424470018405 Volný výběr Available -
ETS Library 262 424470020066 Volný výběr Available -
Jabok Library EK-9/F 424480004930 Odborná literatura Available -

LDR 01402nam a2200433 a 4500
0017426
003CZ-PrJAB
00520230224105346.0
007tu
008000425s2000 xr e 001 0 cze
015 . ‡acnb000928973
020 . ‡a80-85959-58-5 ‡q(brož.) : ‡cKč 149,00
035 . ‡a(CZ PrNK)cpk20000928973
035 . ‡a(OCoLC)44525971
040 . ‡aABA001 ‡bcze
072 7. ‡a27 ‡xKřesťanství. Křesťanská církev všeobecně. Eklesiologie ‡2Konspekt ‡95
080 . ‡a27-72 ‡2MRF
080 . ‡a27-675 ‡2MRF
080 . ‡a27-9 ‡2MRF
080 . ‡a274/278-1/-9 ‡2MRF
080 . ‡a(048.8) ‡2MRF
08214. ‡a262
1001 . ‡aFilipi, Pavel, ‡d1936- ‡7jn20000400686 ‡4aut
24510. ‡aCírkev a církve : ‡bkapitoly z ekumenické eklesiologie /   ‡nPavel Filipi
250 . ‡a1. vyd
260 . ‡aPraha : ‡bCentrum pro studium demokracie a kultury, ‡c2000
300 . ‡a187 s. ; ‡c20 cm
504 . ‡aObsahuje bibliografii a rejstřík
65007. ‡aeklesiologie ‡7ph119789 ‡2czenas
65007. ‡aekumenismus ‡7ph119842 ‡2czenas
65007. ‡acírkevní dějiny ‡7ph114283 ‡2czenas
65007. ‡aprotestantské učení ‡7ph307587 ‡2czenas
65009. ‡aChurch ‡2eczenas
65009. ‡aEcumenical movement ‡2eczenas
65009. ‡aChurch History ‡2eczenas
65009. ‡aProtestant doctrine ‡2eczenas
655 7. ‡astudie ‡7fd133597 ‡2czenas
655 9. ‡astudies ‡2eczenas
910 . ‡aABG450
910 . ‡aABG312
999 . ‡a1321 ‡bAUTOGEN ‡c1321 ‡tbiblio
901 . ‡a7426 ‡bUnknown ‡c7426 ‡tbiblio ‡sets

Additional Resources